000 00645nam a2200205Ia 4500
008 191130s1998##################000#0#eng##
020 _a9780749425661
040 _aACL
_cACL
082 _a790.1 ELL
100 _aEllington, Henry
245 _aUsing games and simulations in the classroom
_cEllington Henry (Director Educational Development Unit Robert Gordon University), Fowlie Joannie, Gordon Monica
260 _aLondon
_bKogan Page
_c1998
300 _a159p. : ill
650 _aGames
700 _aFowlie, Joannie
700 _aGordon, Monica
990 _ae3e9c545ac10000c13d654c70b857455
991 _a373398
999 _c87445
_d87445